<?xml version="1.0" encoding="UTF-8"?>
<record
    xmlns:xsi="http://www.w3.org/2001/XMLSchema-instance"
    xsi:schemaLocation="http://www.loc.gov/MARC21/slim http://www.loc.gov/standards/marcxml/schema/MARC21slim.xsd"
    xmlns="http://www.loc.gov/MARC21/slim">

  <leader>03731nam a22003137a 4500</leader>
  <controlfield tag="003">OSt</controlfield>
  <controlfield tag="005">20240416212023.0</controlfield>
  <controlfield tag="008">240415b           ||||| |||| 00| 0 eng d</controlfield>
  <datafield tag="040" ind1=" " ind2=" ">
    <subfield code="b">English.</subfield>
    <subfield code="c">CvSU-CCAT Campus Library.</subfield>
    <subfield code="e">rda.</subfield>
  </datafield>
  <datafield tag="050" ind1=" " ind2=" ">
    <subfield code="a">UM HF 5415.32</subfield>
    <subfield code="b">B39 2017</subfield>
  </datafield>
  <datafield tag="100" ind1=" " ind2=" ">
    <subfield code="a">Bayan, Rejean, author.</subfield>
    <subfield code="9">10855</subfield>
  </datafield>
  <datafield tag="245" ind1=" " ind2=" ">
    <subfield code="a">Determine the consumer's preferences for energy drinks consumption among athletes of Cavite State University - Rosario /</subfield>
    <subfield code="c">Rejean Bayan, Charmie C. Martinez, and Angela M. Olaes.</subfield>
  </datafield>
  <datafield tag="260" ind1=" " ind2=" ">
    <subfield code="a">Rosario, Cavite :</subfield>
    <subfield code="b">Cavite State University-CCAT Campus,</subfield>
    <subfield code="c">2017.</subfield>
  </datafield>
  <datafield tag="300" ind1=" " ind2=" ">
    <subfield code="a">x, 50 leaves :</subfield>
    <subfield code="b">illustrations ;</subfield>
    <subfield code="c">28 cm</subfield>
  </datafield>
  <datafield tag="500" ind1=" " ind2=" ">
    <subfield code="a">An Undergraduate Thesis (BSBM) -- Cavite State University-CCAT Campus, 2017.</subfield>
  </datafield>
  <datafield tag="504" ind1=" " ind2=" ">
    <subfield code="a">Includes bibliographical references and appendices.</subfield>
  </datafield>
  <datafield tag="520" ind1=" " ind2=" ">
    <subfield code="a">MARTINEZ, CHARMIE C., OLAES, ANGELA M., AND BAYAN, REJEAN A Marketing Research: Determining the Consumer's Preferences for Energy Drinks Consumption Among Athletes of Cavite State University Rosario. Bachelor of Science in Business Management, Major in Marketing Management at Cavite State University Rosario Campus, Rosario, Cavite. March 2017. Adviser. Ms. Elizabeth Rodriguez

      The research was conducted from February to March 2017 at Cavite State University Rosario Campus, Rosario, Cavite to determine the consumer's preferences for energy drinks consumption among athletes of Cavite State University Rosario Campus. This research will help future researchers, energy drink manufacturers and regulators, students, and energy drink consumers regarding the information about consumer's preferences in energy drinks consumption and help them improve every aspect related to the price, packaging, flavors, promotions and services.
     The primary objective of this research is to determine the consumer's preferences for energy drinks consumption among athletes of CVSU-Rosario and the specific objectives are to determine the demographic profile of the respondents in terms of: a Age, b. Sex, c. Sports Played, d. Weight, and e. Height, to find the most popular brand of energy drink consumed by the athletes of CSU-Rosario, to identify the positive and negative effects of energy drink as perceived by the respondents, and to determine the pattern of energy drink consumption among athletes of CVSU-Rosario.
    Descriptive method was used in the study. Survey questionnaires were distributed and used to gather necessary data. Based on the study, athletes consumes energy drinks to boost their energy to help them enhance their athletic performance, though some of the athletes experiences sleeplessness, most of the athletes still continue consuming energy drinks during trainings, competitions or even just to quench their thirst.

Generally, the researchers found out that the most popular brand of energy drink among the athletes of CVSU-Rosario is Gatorade. Most of the respondents consumes energy drinks more than once a week, and is willing to spend money in buying energy drinks. Furthermore, most of the respondents considers the flavor and brand as basis in buying energy drinks and prefers to buy ready to drink energy drinks in convenience stores.</subfield>
  </datafield>
  <datafield tag="546" ind1=" " ind2=" ">
    <subfield code="a">In English text.</subfield>
  </datafield>
  <datafield tag="650" ind1=" " ind2=" ">
    <subfield code="a">Consumers' preference.</subfield>
    <subfield code="9">10856</subfield>
  </datafield>
  <datafield tag="650" ind1=" " ind2=" ">
    <subfield code="a">Energy drinks consumption -- Athlete.</subfield>
    <subfield code="9">10857</subfield>
  </datafield>
  <datafield tag="650" ind1=" " ind2=" ">
    <subfield code="a">Context effect (Psychology).</subfield>
    <subfield code="9">10858</subfield>
  </datafield>
  <datafield tag="650" ind1=" " ind2=" ">
    <subfield code="a">Athletes.</subfield>
    <subfield code="9">10859</subfield>
  </datafield>
  <datafield tag="700" ind1=" " ind2=" ">
    <subfield code="a">Martinez, Charmie C., author.</subfield>
    <subfield code="9">10860</subfield>
  </datafield>
  <datafield tag="700" ind1=" " ind2=" ">
    <subfield code="a">Olaes, Angela M., author.</subfield>
    <subfield code="9">10861</subfield>
  </datafield>
  <datafield tag="700" ind1=" " ind2=" ">
    <subfield code="a">Rodriguez, Elizabeth A., adviser.</subfield>
    <subfield code="9">8937</subfield>
  </datafield>
  <datafield tag="700" ind1=" " ind2=" ">
    <subfield code="a">Ambas, Arman M., technical critic.</subfield>
    <subfield code="9">6668</subfield>
  </datafield>
  <datafield tag="942" ind1=" " ind2=" ">
    <subfield code="2">lcc</subfield>
    <subfield code="c">T/M/D</subfield>
    <subfield code="h">HF 5415.32 B39 2017</subfield>
    <subfield code="k">UM</subfield>
  </datafield>
  <datafield tag="999" ind1=" " ind2=" ">
    <subfield code="c">3072</subfield>
    <subfield code="d">3072</subfield>
  </datafield>
  <datafield tag="952" ind1=" " ind2=" ">
    <subfield code="0">0</subfield>
    <subfield code="1">0</subfield>
    <subfield code="2">lcc</subfield>
    <subfield code="4">0</subfield>
    <subfield code="7">0</subfield>
    <subfield code="8">UM</subfield>
    <subfield code="a">CCATLIB</subfield>
    <subfield code="b">CCATLIB</subfield>
    <subfield code="c">TH</subfield>
    <subfield code="d">2017-08-16</subfield>
    <subfield code="f">UM</subfield>
    <subfield code="o">UM HF 5415.32 B39 2017</subfield>
    <subfield code="p">T0003558</subfield>
    <subfield code="r">2025-10-24 00:00:00</subfield>
    <subfield code="t">1</subfield>
    <subfield code="w">2024-04-16</subfield>
    <subfield code="y">T/M/D</subfield>
  </datafield>
</record>
